|
|
|
|
| LEADER |
00000cam a2200000 i 4500 |
| 001 |
1/30688 |
| 008 |
130531s2011 gre d |
| 020 |
|
|
|a 9789605080099
|
| 035 |
|
|
|l 10114603
|
| 040 |
|
|
|a GR-MY-UA
|b gre
|e aacr
|
| 041 |
0 |
|
|a gre
|
| 082 |
0 |
|
|a 808.068
|2 (22)
|
| 100 |
1 |
|
|a Παπαντωνάκης, Γεώργιος Δ.,
|d 1950-
|
| 245 |
1 |
0 |
|a Σκηνικό, χαρακτήρες, πλοκή :
|b διαβάζοντας ένα λογοτεχνικό κείμενο για παιδιά και νέους /
|c Γεώργιος Δ. Παπαντωνάκης, Τριαντάφυλλος Η. Κωτόπουλος.
|
| 260 |
|
|
|a Αθήνα :
|b Ίων,
|c 2011.
|
| 300 |
|
|
|a 225 σ. ;
|c 24 εκ.
|
| 504 |
|
|
|a Βιβλιογραφία: σ. [213]-225.
|
| 650 |
0 |
0 |
|a Children's literature
|x History and criticism.
|
| 650 |
0 |
0 |
|a Children
|x Books and reading.
|
| 700 |
1 |
|
|a Κωτόπουλος, Τριαντάφυλλος Η.
|
| 852 |
|
|
|a INST
|b RHODES
|e 20160609
|h 808.068 ΠΑΠ
|p 005400038538
|q 005400038538
|t BK
|y 0
|
| 852 |
|
|
|a INST
|b RHODES
|e 20230308
|h 808.068 ΠΑΠ
|p 005400043446
|q 005400043446
|t BK
|y 0
|
| 852 |
|
|
|a INST
|b RHODES
|c EUDOXUS
|e 20130531
|h 808.068 ΠΑΠ
|p 005400035295
|q 005400035295
|t EDX
|y 12
|
| 852 |
|
|
|a INST
|b RHODES
|c EUDOXUS
|e 20140408
|h 808.068 ΠΑΠ
|p 005400036363
|q 005400036363
|t EDX
|y 0
|
| 852 |
|
|
|a INST
|b RHODES
|c EUDOXUS
|e 20140514
|h 808.068 ΠΑΠ
|p 005400036425
|q 005400036425
|t EDX
|y 0
|
| 852 |
|
|
|a INST
|b RHODES
|c EUDOXUS
|e 20140514
|h 808.068 ΠΑΠ
|p 005400036426
|q 005400036426
|t EDX
|y 0
|
| 901 |
|
|
|a BIBL4-2013-2
|
| 901 |
|
|
|a BIBL4-2014-1
|
| 901 |
|
|
|a BIBL4-2014-2
|
| 920 |
|
|
|a Εύδοξος
|b Παραγγελία
|y Ρόδος-ΠΤΔΕ
|z 2013-05
|
| 920 |
|
|
|a Εύδοξος
|b Επιστροφή
|y Ρόδος
|z 2014-04
|
| 920 |
|
|
|a Εύδοξος
|b Παραγγελία
|y Ρόδος-ΤΕΠΑΕΣ
|z 2014-04
|
| 922 |
|
|
|a 4ΕΛΗ
|
| 970 |
|
|
|z 2013/05/31
|